Value based management for organizational excellence / (Record no. 52381)

MARC details
000 -LEADER
fixed length control field 00867nam a22002417a 4500
005 - DATE AND TIME OF LATEST TRANSACTION
control field 2011051201161.0
008 - FIXED-LENGTH DATA ELEMENTS--GENERAL INFORMATION
fixed length control field 110512t xxu||||| |||| 00| 0 eng d
010 ## - LCCN (DPL NO)
LC control number ENG-102453
020 ## - INTERNATIONAL STANDARD BOOK NUMBER
International Standard Book Number 9788174467119
Terms of availability 395.00
035 ## - SYSTEM CONTROL NUMBER
System control number EN-85986
037 ## - SOURCE OF ACQUISITION
Source of stock number/acquisition DBAD/PUB
040 ## - CATALOGING SOURCE
Original cataloging agency dpl
Language of cataloging Eng
082 ## - DEWEY DECIMAL CLASSIFICATION NUMBER
Classification number 658.400954
100 ## - MAIN ENTRY--PERSONAL NAME
9 (RLIN) 25528
245 ## - TITLE STATEMENT
Title Value based management for organizational excellence /
Statement of responsibility, etc edited by Santosh Dhar...[et al]
260 ## - PUBLICATION, DISTRIBUTION, ETC. (IMPRINT)
Place of publication, distribution, etc New Delhi
Name of publisher, distributor, etc Excel Books
Date of publication, distribution, etc 2009
270 ## - ADDRESS
Address A-45, Naraina, Phase-1
City New Delhi
Postal code 110028
300 ## - PHYSICAL DESCRIPTION
Extent xiv,272 p. :
Dimensions 23cm (pbk)
Other physical details ill
500 ## - GENERAL NOTE
General note Includes indexes
700 ## - ADDED ENTRY--PERSONAL NAME
9 (RLIN) 28039
Personal name Dhar, Santosh
942 ## - ADDED ENTRY ELEMENTS (KOHA)
Source of classification or shelving scheme Dewey Decimal Classification
Item type English Books
Classification part 658.400954
Call number suffix VAL
Holdings
Withdrawn status Lost status Source of classification or shelving scheme Damaged status Not for loan Collection code Home library Current library Date acquired Source of acquisition Cost, normal purchase price Total Checkouts Full call number Barcode Date last seen Copy number Cost, replacement price Koha item type
    Dewey Decimal Classification   Not For Loan Non-fiction D.B.Act.Division D.B.Act.Division 12/05/2011 DBAD /PUB 395.00   658.400954 VAL EN-85986 12/05/2011 1 395.00 English Books

© Delhi Public Library
Hit Counter
free hit counter